Tarifné zatriedenie tovaru. Výpočet dane z pridanej hodnoty, dovozného cla a spotrebných daní.
Zmeny v systéme vymeriavania daní a ciel, platné v ČR a SR od 1.1.1993. Týkajú sa podnikateľov a spotrebiteľov. Novelizácia colného sadzobníka a kvalifikované zatriedenie tovaru do stanovenej nomenklatúry. Záväzné informácie o zaradení tovaru. Žiadosť o tarifné rozhodnutie a platnosť tarifného rozho...
Salvato in:
| Autore principale: | |
|---|---|
| Altri autori: | |
| Natura: | Capitolo di libro |
| Lingua: | slovacco |
| Soggetti: | |
| Tags: |
Nessun Tag, puoi essere il primo ad aggiungerne!!
|
MARC
| LEADER | 00000naa a2200000 4500 | ||
|---|---|---|---|
| 001 | r013424 | ||
| 005 | 20221213123001.7 | ||
| 041 | 0 | |a slo | |
| 044 | |a SK | ||
| 245 | 1 | 0 | |a Tarifné zatriedenie tovaru. |b Výpočet dane z pridanej hodnoty, dovozného cla a spotrebných daní. |c J. Habart, I. Klabouchová |
| 520 | |a Zmeny v systéme vymeriavania daní a ciel, platné v ČR a SR od 1.1.1993. Týkajú sa podnikateľov a spotrebiteľov. Novelizácia colného sadzobníka a kvalifikované zatriedenie tovaru do stanovenej nomenklatúry. Záväzné informácie o zaradení tovaru. Žiadosť o tarifné rozhodnutie a platnosť tarifného rozhodnutia. | ||
| 610 | 2 | 0 | |a clá dovozné |
| 610 | 2 | 0 | |a tovar |
| 610 | 2 | 0 | |a tarify |
| 610 | 2 | 0 | |a dane |
| 610 | 2 | 0 | |a predpisy právne |
| 610 | 2 | 0 | |a sadzby colné |
| 610 | 2 | 0 | |a dane z hodnoty pridanej |
| 610 | 2 | 0 | |a dane spotrebné |
| 610 | 2 | 0 | |a Čechy |
| 610 | 2 | 0 | |a Slovensko |
| 610 | 2 | 0 | |a 1993 |
| 100 | 1 | |a Habart, J. | |
| 700 | 1 | |a Klabouchová, I. | |